| 000 | 00567cam a22002051 4500 | ||
|---|---|---|---|
| 001 | he 67002283 | ||
| 003 | DLC | ||
| 005 | 20260227111451.0 | ||
| 008 | 830512s1966 is j 000 0 heb | ||
| 010 | _ahe 67002283 | ||
| 035 | _a(OCoLC)19154414 | ||
| 040 |
_aDLC _cMH _dDLC |
||
| 042 | _apremarc | ||
| 050 | 0 | 0 |
_aPZ90.H3 _bA672 |
| 100 | 1 |
_aAriel, S. Z., _d1895- |
|
| 245 | 1 | 0 |
_aShibole paz : _bmivḥar sipurim, agadot u-maʻaśiyot. |
| 260 |
_aTel Aviv : _bY. Śrebreḳ, _c[1966] |
||
| 300 |
_a256 p. : _bill. (part col.) ; _c25 cm. |
||
| 752 |
_aIsrael _dTel Aviv |
||
| 999 |
_c32765 _d32765 |
||